000 00442nam a2200181Ia 4500
003 GCL
008 140319s9999 xx 000 0 eng d
040 _aGCL /
_cGCL
082 0 4 _a813.54
_bM P
100 1 _aMICHENER, JEMES A
245 1 0 _aPOLAND /
_cMICHENER, JEMES A
260 _a[S.N] :
_bRANDOM HOVSE ،
_c1983
300 _a556 P
650 0 4 _aLITERATURE
650 0 4 _aHISTORY AND CRITICISM
650 0 4 _aPOLAND
942 _2ddc
_cBK
999 _c19139
_d19139